Kraje bez reprezentanta w Lidze Mistrzów - Statystyki

Ogólne statystyki
  • Ten quiz został rozwiązany 2 299 razy
  • Średni wynik to 14 z 21
Statystyki odpowiedzi
Nazwa kraju % Poprawnych
Litwa
85%
San Marino
85%
Łotwa
84%
Estonia
82%
Liechtenstein
78%
Luksemburg
78%
Andora
77%
Irlandia
77%
Kosowo
70%
Albania
67%
Islandia
67%
Macedonia Północna
66%
Mołdawia
66%
Malta
64%
Czarnogóra
62%
Bośnia i Hercegowina
61%
Irlandia Północna
56%
Walia
56%
Armenia
52%
Gruzja
52%
Gibraltar
51%
Nie znaleziono quizów pasujących do podanych kryteriów
Rozkład punktacji
Procent ludzi z każdym wynikiem
Percentyl według liczby udzielonych odpowiedzi
Twoja historia wyników
Nie rozwiązałeś tego quizu